[Event "Bratto op 37th"]
[Site "Bratto"]
[Date "2017.08.26"]
[Round "8"]
[White "Locatelli, Andrea"]
[Black "Sveshnikov, Vladimir"]
[Result "0-1"]
[WhiteElo "2183"]
[BlackElo "2377"]
[PlyCount "78"]
[EventDate "2017.08.19"]
[EventType "swiss"]
[EventRounds "9"]
[EventCountry "ITA"]
[SourceTitle "CBM 180 Extra"]
[Source "ChessBase"]
[SourceDate "2017.10.06"]
[SourceVersion "1"]
[SourceVersionDate "2017.10.06"]
[SourceQuality "1"]

1. d4 d5 2. Bf4 Nf6 3. e3 c5 4. c3 Nc6 5. Nd2 cxd4 6. exd4 Bf5 7. Qb3 Qc8 8. Ngf3 e6 9. h3 h6 10. Be2 Be7 11. 0-0 0-0 12. Rfc1 Rd8 13. a4 Ne4 14. Nxe4 Bxe4 15. a5 Bd6 16. Bxd6 Rxd6 17. Nd2 Bf5 18. Nf1 Qc7 19. Qa4 a6 20. Bf3 Rad8 21. Ne3 Bg6 22. Rd1 R6d7 23. g3 e5 24. dxe5 Qxe5 25. Bg2 Be4 26. Re1 Bxg2 27. Nxg2 Qf5 28. g4 Qf6 29. Qf4 Qxf4 30. Nxf4 d4 31. c4 d3 32. Kg2 Rd4 33. Nd5 Rxc4 34. Ne3 Rb4 35. Ra2 Rb5 36. Nc4 Rd4 37. Nd2 Nxa5 38. Re8+ Kh7 39. b4 Nc6 0-1

[Event "Barcelona Sants op 17th"]
[Site "Barcelona"]
[Date "2015.08.30"]
[Round "10"]
[White "Carstensen, Jacob"]
[Black "Locatelli, Andrea"]
[Result "1-0"]
[WhiteElo "2336"]
[BlackElo "2171"]
[PlyCount "65"]
[EventDate "2015.08.21"]
[EventType "swiss"]
[EventRounds "10"]
[EventCountry "ESP"]
[SourceTitle "EXT 2016"]
[Source "ChessBase"]
[SourceDate "2015.10.08"]
[SourceVersion "1"]
[SourceVersionDate "2015.10.08"]
[SourceQuality "1"]

1. d4 Nf6 2. c4 g6 3. Nc3 Bg7 4. e4 d6 5. Nf3 0-0 6. Be2 e5 7. Be3 exd4 8. Nxd4 Re8 9. f3 c6 10. Bf2 d5 11. exd5 cxd5 12. c5 Nc6 13. 0-0 Bf8 14. Kh1 Nh5 15. Qd2 Be6 16. g4 Nf6 17. a3 Nd7 18. b4 a5 19. Nxe6 fxe6 20. b5 Nce5 21. Na4 Rc8 22. Rac1 g5 23. Be3 Be7 24. h4 gxh4 25. f4 Nc4 26. Rxc4 dxc4 27. Bxc4 Nf8 28. Qa2 Kg7 29. g5 Qc7 30. Bd4+ Kg6 31. Be5 Qd7 32. f5+ Kxg5 33. Qg2+ 1-0

[Event "Bergamo op 14th"]
[Site "Bergamo"]
[Date "2015.07.19"]
[Round "5"]
[White "Locatelli, Andrea"]
[Black "Molina, Fabrizio"]
[Result "0-1"]
[WhiteElo "2192"]
[BlackElo "2205"]
[PlyCount "80"]
[EventDate "2015.07.17"]
[EventType "swiss"]
[EventRounds "6"]
[EventCountry "ITA"]
[SourceTitle "CBM 167 Extra"]
[Source "ChessBase"]
[SourceDate "2015.09.14"]
[SourceVersion "1"]
[SourceVersionDate "2015.09.14"]
[SourceQuality "1"]

1. d4 e6 2. Bf4 Nf6 3. Nc3 a6 4. e3 d5 5. Nf3 c5 6. Be2 Nc6 7. 0-0 Bd6 8. Bg3 Bxg3 9. hxg3 0-0 10. Na4 Nd7 11. c4 dxc4 12. dxc5 c3 13. Rc1 cxb2 14. Nxb2 Qc7 15. Na4 Rd8 16. Qc2 Nf6 17. Nb6 Rb8 18. Qb1 Bd7 19. Rfd1 Ne7 20. Qb4 Ned5 21. Nxd5 Nxd5 22. Qh4 Qa5 23. Bd3 h6 24. g4 Bb5 25. Bxb5 axb5 26. Kh2 Nf6 27. g5 hxg5 28. Nxg5 Rd2 29. Rxd2 Qxd2 30. Rb1 Rd8 31. Nf3 Qd3 32. Qb4 Rd5 33. Kg1 Rh5 34. Rb3 Qh7 35. Kf1 Rh1+ 36. Ke2 Nd5 37. Qd2 Qe4 38. Ne1 Nf4+ 39. Kd1 Nxg2 40. f3 Qxf3+ 0-1

[Event "Arco Christmas op 5th"]
[Site "Arco"]
[Date "2014.12.29"]
[Round "6"]
[White "Locatelli, Andrea"]
[Black "Simoni, Giulio"]
[Result "1-0"]
[WhiteElo "2177"]
[BlackElo "1869"]
[PlyCount "61"]
[EventDate "2014.12.26"]
[EventType "swiss"]
[EventRounds "7"]
[EventCountry "ITA"]
[SourceTitle "CBM 164 Extra"]
[Source "ChessBase"]
[SourceDate "2015.03.02"]
[SourceVersion "1"]
[SourceVersionDate "2015.03.02"]
[SourceQuality "1"]

1. e4 c5 2. Nf3 d6 3. c3 Nf6 4. Bd3 Nc6 5. Bc2 Bd7 6. 0-0 g6 7. h3 Bg7 8. d4 cxd4 9. cxd4 0-0 10. Nc3 Rc8 11. d5 Na5 12. Bd3 a6 13. Be3 b5 14. Bd4 Ne8 15. Bxg7 Nxg7 16. Qd2 Qb6 17. Qh6 f6 18. Rac1 Rc7 19. Ne2 Rfc8 20. Rxc7 Rxc7 21. Rc1 Rxc1+ 22. Qxc1 Nb7 23. b4 Nd8 24. Qc3 Ne8 25. Nfd4 Nc7 26. h4 Nf7 27. h5 Kg7 28. hxg6 hxg6 29. Nf4 Ne8 30. Nde6+ Kh6 31. Bxb5 1-0

[Event "Arco Christmas op 5th"]
[Site "Arco"]
[Date "2014.12.26"]
[Round "1"]
[White "Margoni, Casimiro"]
[Black "Locatelli, Andrea"]
[Result "0-1"]
[WhiteElo "1800"]
[BlackElo "2177"]
[PlyCount "58"]
[EventDate "2014.12.26"]
[EventType "swiss"]
[EventRounds "7"]
[EventCountry "ITA"]
[SourceTitle "CBM 164 Extra"]
[Source "ChessBase"]
[SourceDate "2015.03.02"]
[SourceVersion "1"]
[SourceVersionDate "2015.03.02"]
[SourceQuality "1"]

1. d4 Nf6 2. c4 g6 3. Nf3 Bg7 4. Nc3 0-0 5. Bg5 d6 6. e3 Nbd7 7. Bd3 b6 8. 0-0 Bb7 9. Re1 h6 10. Bxf6 Nxf6 11. e4 Nd7 12. Rc1 e6 13. d5 Re8 14. Qc2 c6 15. dxc6 Bxc6 16. b4 a5 17. b5 Bb7 18. Ne2 Rc8 19. Qd2 Nc5 20. Nfd4 d5 21. cxd5 exd5 22. Nb3 Nxb3 23. Rxc8 Bxc8 24. axb3 dxe4 25. Nf4 exd3 26. Rxe8+ Qxe8 27. Qxd3 Qe1+ 28. Qf1 Qxf1+ 29. Kxf1 Bd7 0-1

[Event "Bratto op 34th"]
[Site "Bratto"]
[Date "2014.08.22"]
[Round "1"]
[White "Stopa, Jacek"]
[Black "Locatelli, Andrea"]
[Result "1-0"]
[WhiteElo "2498"]
[BlackElo "2138"]
[PlyCount "113"]
[EventDate "2014.08.22"]
[EventType "swiss"]
[EventRounds "9"]
[EventCountry "ITA"]
[SourceTitle "CBM 162 Extra"]
[Source "ChessBase"]
[SourceDate "2014.10.17"]
[SourceVersion "1"]
[SourceVersionDate "2014.10.17"]
[SourceQuality "1"]

1. f4 g6 2. g3 c5 3. d3 Bg7 4. Bg2 Nc6 5. Nf3 e6 6. 0-0 Nge7 7. c3 d5 8. Qe1 0-0 9. Na3 Rb8 10. Qf2 b6 11. Rb1 d4 12. Bd2 Nd5 13. Rbc1 Bb7 14. Nc4 dxc3 15. bxc3 Nf6 16. h3 Qc7 17. g4 Rbd8 18. Nce5 Nd7 19. d4 Ndxe5 20. fxe5 f6 21. exf6 Bxf6 22. Bh6 Rf7 23. dxc5 Na5 24. cxb6 axb6 25. Kh1 Nc4 26. Qg1 Qg3 27. Rcd1 Rxd1 28. Rxd1 Bd5 29. Qh2 Qxh2+ 30. Kxh2 g5 31. Bxg5 Bxg5 32. Nxg5 Rf2 33. Rxd5 exd5 34. Kg3 Rxg2+ 35. Kxg2 Ne3+ 36. Kf3 Nd1 37. e4 Nxc3 38. exd5 Nxd5 39. Ne4 Kg7 40. h4 b5 41. a3 b4 42. a4 b3 43. a5 b2 44. Nd2 Nc3 45. a6 Nb5 46. Ke4 Kf6 47. Kd3 Ke6 48. Kc2 Ke5 49. Kxb2 Kf4 50. g5 Kg4 51. Nf3 Na7 52. Kb3 Kf5 53. Kc4 Ke6 54. Kc5 Kd7 55. Nd4 Ke8 56. Kb6 Nc8+ 57. Kc7 1-0

[Event "Bergamo op 13th"]
[Site "Bergamo"]
[Date "2014.07.18"]
[Round "1"]
[White "Georgiev, Kiril"]
[Black "Locatelli, Andrea"]
[Result "1-0"]
[WhiteElo "2631"]
[BlackElo "2106"]
[PlyCount "73"]
[EventDate "2014.07.18"]
[EventType "swiss"]
[EventRounds "6"]
[EventCountry "ITA"]
[SourceTitle "CBM 161 Extra"]
[Source "ChessBase"]
[SourceDate "2014.08.29"]
[SourceVersion "1"]
[SourceVersionDate "2014.08.29"]
[SourceQuality "1"]

1. Nf3 Nf6 2. c4 g6 3. Nc3 Bg7 4. g3 0-0 5. Bg2 d6 6. 0-0 c5 7. d4 Nc6 8. d5 Na5 9. Nd2 a6 10. Rb1 Rb8 11. b3 h5 12. Bb2 b5 13. Ba1 bxc4 14. bxc4 Rb4 15. a3 Rxb1 16. Qxb1 Ng4 17. Nce4 Bxa1 18. Qxa1 Bd7 19. Rb1 f5 20. Ng5 e5 21. dxe6 Qxg5 22. Bd5 Be8 23. Qc3 Nc6 24. e7+ Rf7 25. Bxc6 Rxe7 26. Bd5+ Kh7 27. Nf3 Qf6 28. Qd2 Ne5 29. Rb6 Nxf3+ 30. Bxf3 Bf7 31. Rxd6 Qa1+ 32. Kg2 Qe5 33. Rb6 Bxc4 34. Qg5 Re6 35. Rb7+ Kg8 36. Qh6 Rf6 37. Qg7# 1-0

[Event "Treviglio Province-ch"]
[Site "Treviglio"]
[Date "2014.01.26"]
[Round "6"]
[White "Locatelli, Andrea"]
[Black "Corbellini, Nicola"]
[Result "1/2-1/2"]
[WhiteElo "2110"]
[BlackElo "1938"]
[PlyCount "59"]
[EventDate "2014.01.18"]
[EventType "swiss"]
[EventRounds "6"]
[EventCountry "ITA"]
[SourceTitle "EXT 2016"]
[Source "ChessBase"]
[SourceDate "2015.10.08"]
[SourceVersion "1"]
[SourceVersionDate "2015.10.08"]
[SourceQuality "1"]

1. e4 c5 2. Nf3 a6 3. d4 cxd4 4. Nxd4 Nf6 5. Nc3 e5 6. Nf3 Nc6 7. Bc4 Bb4 8. 0-0 0-0 9. Nd5 Nxe4 10. Nxb4 Nxb4 11. Nxe5 d5 12. Bb3 Be6 13. c3 Nc6 14. Nxc6 bxc6 15. Be3 Rb8 16. f3 Nf6 17. Qe2 a5 18. Bc2 Re8 19. Qf2 Qc7 20. b3 Rec8 21. Qh4 Qd7 22. Bd4 Bf5 23. Bxf5 Qxf5 24. Bxf6 Qxf6 25. Qxf6 gxf6 26. Rfe1 Re8 27. Kf2 Re6 28. Re2 Kf8 29. Rd2 Rbe8 30. Rc1 1/2-1/2

[Event "Treviglio Province-ch"]
[Site "Treviglio"]
[Date "2014.01.19"]
[Round "3"]
[White "Scarabelli, Maurizio"]
[Black "Locatelli, Andrea"]
[Result "0-1"]
[WhiteElo "1791"]
[BlackElo "2110"]
[PlyCount "84"]
[EventDate "2014.01.18"]
[EventType "swiss"]
[EventRounds "6"]
[EventCountry "ITA"]
[SourceTitle "EXT 2016"]
[Source "ChessBase"]
[SourceDate "2015.10.08"]
[SourceVersion "1"]
[SourceVersionDate "2015.10.08"]
[SourceQuality "1"]

1. e4 c5 2. Nf3 d6 3. d4 cxd4 4. Nxd4 Nf6 5. Nc3 a6 6. Be3 e5 7. Nb3 Be7 8. f3 Be6 9. Qd2 0-0 10. 0-0-0 Nbd7 11. g4 b5 12. g5 b4 13. Nd5 Nxd5 14. exd5 Bf5 15. Qxb4 Bxg5 16. Bxg5 Qxg5+ 17. Qd2 Qf6 18. Bd3 Bxd3 19. Qxd3 a5 20. Nd2 Nc5 21. Qe3 Rfc8 22. Ne4 Qe7 23. Rhg1 Nxe4 24. fxe4 Rc4 25. Rg2 Rac8 26. Rdg1 g6 27. Re2 Qh4 28. Qg3 Rxe4 29. Qxh4 Rxh4 30. Rd1 f5 31. b3 Rh3 32. Rdd2 Rhc3 33. Kb2 f4 34. Rf2 Kf7 35. Ka3 Kf6 36. Ka4 R8c5 37. a3 Kf5 38. b4 axb4 39. axb4 Rc8 40. b5 e4 41. Rd4 Rxc2 42. Rf1 Rb2 0-1

[Event "Erba op 5th"]
[Site "Erba"]
[Date "2011.03.19"]
[Round "2"]
[White "Radice, Luca"]
[Black "Locatelli, Andrea"]
[Result "1/2-1/2"]
[WhiteElo "1997"]
[BlackElo "2123"]
[PlyCount "42"]
[EventDate "2011.03.18"]
[EventType "swiss"]
[EventRounds "5"]
[EventCountry "ITA"]
[SourceTitle "EXT 2023"]
[Source "ChessBase"]
[SourceDate "2022.10.05"]
[SourceVersion "1"]
[SourceVersionDate "2022.10.05"]
[SourceQuality "1"]

1. d4 Nf6 2. c4 e6 3. Nc3 Bb4 4. Qb3 c5 5. dxc5 Na6 6. Nf3 0-0 7. Bg5 Bxc3+ 8. Qxc3 Ne4 9. Bxd8 Nxc3 10. Be7 Re8 11. Bd6 Ne4 12. e3 b6 13. Nd2 Naxc5 14. Bxc5 Nxd2 15. Kxd2 bxc5 16. b4 d6 17. h4 e5 18. e4 Be6 19. Be2 Kf8 20. b5 Reb8 21. a4 a5 1/2-1/2

[Event "Gorgonzola op-A 12th"]
[Site "Gorgonzola"]
[Date "2007.11.18"]
[Round "5"]
[White "Cazzaniga, Walter"]
[Black "Locatelli, Andrea"]
[Result "1-0"]
[WhiteElo "2167"]
[BlackElo "2130"]
[PlyCount "139"]
[EventDate "2007.11.10"]
[EventType "swiss"]
[EventRounds "6"]
[EventCountry "ITA"]
[SourceTitle "EXT 2010"]
[Source "ChessBase"]
[SourceDate "2010.11.25"]
[SourceVersion "1"]
[SourceVersionDate "2010.11.25"]
[SourceQuality "1"]

1. d4 Nf6 2. c4 e6 3. Nf3 b6 4. g3 Ba6 5. b3 Bb4+ 6. Bd2 Be7 7. Bg2 c6 8. Bc3 d5 9. Ne5 Nfd7 10. Nxd7 Nxd7 11. Nd2 0-0 12. 0-0 Nf6 13. Re1 Rc8 14. e4 dxe4 15. Nxe4 b5 16. Bf1 Nxe4 17. Rxe4 bxc4 18. bxc4 c5 19. Rb1 Qd7 20. d5 exd5 21. cxd5 Bxf1 22. Qxf1 Bd6 23. Qc4 Rfe8 24. Rbe1 Rxe4 25. Qxe4 Rd8 26. h4 Bf8 27. Rd1 Re8 28. Qc4 Qf5 29. Kg2 Bd6 30. Re1 Rxe1 31. Bxe1 Qb1 32. Bd2 Qb7 33. a4 Qb1 34. a5 Qf5 35. Be3 h5 36. a6 g6 37. Kg1 f6 38. Kg2 g5 39. hxg5 fxg5 40. Kg1 g4 41. Bf4 Bxf4 42. gxf4 Qb1+ 43. Kg2 Qb4 44. Qd3 Qd4 45. Qg6+ Kf8 46. Qd6+ Kg7 47. Qe7+ Kg8 48. d6 Qxf4 49. d7 Qf3+ 50. Kg1 Qd1+ 51. Kh2 g3+ 52. Kg2 Qd5+ 53. f3 Qd2+ 54. Kxg3 h4+ 55. Kxh4 Qf4+ 56. Kh5 Qxf3+ 57. Kg6 Qc6+ 58. Kf5 Qf3+ 59. Ke6 Qe3+ 60. Kd6 Qd2+ 61. Kc6 Qg2+ 62. Kc7 Qg3+ 63. Kc8 Qg4 64. Kc7 Qf4+ 65. Qd6 Qf7 66. Qxc5 Qf4+ 67. Kb7 Qd2 68. Qc8+ Kg7 69. d8Q Qb4+ 70. Ka8 1-0

[Event "Milan Crespi op 27th"]
[Site "Milan"]
[Date "2006.12.08"]
[Round "2"]
[White "Locatelli, Andrea"]
[Black "Ranfagni, Stefano"]
[Result "1/2-1/2"]
[WhiteElo "2138"]
[BlackElo "2037"]
[PlyCount "26"]
[EventDate "2006.12.07"]
[EventType "swiss"]
[EventRounds "6"]
[EventCountry "ITA"]
[SourceTitle "EXT 2008"]
[Source "ChessBase"]
[SourceDate "2007.11.25"]
[SourceVersion "1"]
[SourceVersionDate "2007.11.25"]
[SourceQuality "1"]

1. e4 e6 2. d4 d5 3. Nc3 dxe4 4. Nxe4 Nd7 5. Nf3 Ngf6 6. Bg5 Be7 7. Bxf6 Nxf6 8. Nxf6+ Bxf6 9. Bc4 0-0 10. Qe2 a6 11. 0-0-0 b5 12. Qe4 Rb8 13. Bd3 g6 1/2-1/2

[Event "Milan Crespi op 27th"]
[Site "Milan"]
[Date "2006.12.07"]
[Round "1"]
[White "Rossi, Giampiero"]
[Black "Locatelli, Andrea"]
[Result "1/2-1/2"]
[WhiteElo "1976"]
[BlackElo "2138"]
[PlyCount "94"]
[EventDate "2006.12.07"]
[EventType "swiss"]
[EventRounds "6"]
[EventCountry "ITA"]
[SourceTitle "EXT 2008"]
[Source "ChessBase"]
[SourceDate "2007.11.25"]
[SourceVersion "1"]
[SourceVersionDate "2007.11.25"]
[SourceQuality "1"]

1. d4 Nf6 2. c4 e6 3. Nc3 Bb4 4. Qc2 c5 5. dxc5 0-0 6. Nf3 Na6 7. Bd2 Nxc5 8. e3 b6 9. Be2 Bb7 10. 0-0 Bxc3 11. Bxc3 Nfe4 12. Rfd1 Nxc3 13. Qxc3 Ne4 14. Qd4 d6 15. Nd2 Nxd2 16. Rxd2 Qg5 17. Qg4 Qxg4 18. Bxg4 Rac8 19. b3 d5 20. Bf3 Rc7 21. cxd5 Bxd5 22. Bxd5 exd5 23. g4 Rd8 24. Rad1 Rcd7 25. Rd4 Kf8 26. e4 Ke7 27. exd5 g5 28. Kg2 Kd6 29. Kf3 Ke5 30. d6 Rxd6 31. Rxd6 Rxd6 32. Rxd6 Kxd6 33. Ke4 Ke6 34. a3 b5 35. a4 bxa4 36. bxa4 a5 37. h3 h6 38. f3 f6 39. f4 f5+ 40. gxf5+ Kf6 41. fxg5+ hxg5 42. Kf3 Kxf5 43. Kg3 Kf6 44. Kg4 Kg6 45. Kf3 Kf5 46. Ke3 Ke5 47. Kf3 Kf5 1/2-1/2

[Event "Bergamo op 4th"]
[Site "Bergamo"]
[Date "2005.07.31"]
[Round "5"]
[White "Kovacevic, Blazimir"]
[Black "Locatelli, Andrea"]
[Result "1-0"]
[WhiteElo "2495"]
[BlackElo "2139"]
[PlyCount "71"]
[EventDate "2005.07.29"]
[EventType "swiss"]
[EventRounds "6"]
[EventCountry "ITA"]
[SourceTitle "EXT 2007"]
[Source "ChessBase"]
[SourceDate "2006.11.23"]
[SourceVersion "1"]
[SourceVersionDate "2006.11.23"]
[SourceQuality "1"]

1. Nf3 Nf6 2. c4 e6 3. g3 d5 4. b3 Be7 5. Bg2 0-0 6. 0-0 Nbd7 7. Bb2 c6 8. e3 b5 9. d3 Qb6 10. Nbd2 Ba6 11. Qc2 bxc4 12. dxc4 Rfc8 13. Rfd1 Bb7 14. Rab1 a5 15. Ba1 Bb4 16. Ne1 e5 17. Nd3 Re8 18. Rbc1 Ba3 19. Bb2 Bxb2 20. Nxb2 Rac8 21. Na4 Qa7 22. Nb1 Ba6 23. cxd5 cxd5 24. Qd2 Bb7 25. Nbc3 e4 26. Nb5 Qa6 27. Nc7 Rxc7 28. Rxc7 Ne5 29. Nc5 Qb6 30. Rxb7 Qxc5 31. Qc1 Qd6 32. Qc7 Qe6 33. Rb8 g5 34. Rxe8+ Nxe8 35. Qd8 f6 36. Qxd5 1-0

[Event "Milan Crespi op 24th"]
[Site "Milan"]
[Date "2003.12.08"]
[Round "6"]
[White "Locatelli, Andrea"]
[Black "Damia, Angelo"]
[Result "1/2-1/2"]
[WhiteElo "2106"]
[BlackElo "2059"]
[PlyCount "62"]
[EventDate "2003.12.05"]
[EventType "swiss"]
[EventRounds "6"]
[EventCountry "ITA"]
[SourceTitle "EXT 2005"]
[Source "ChessBase"]
[SourceDate "2004.11.15"]
[SourceVersion "1"]
[SourceVersionDate "2004.11.15"]
[SourceQuality "1"]

1. e4 c5 2. Nf3 d6 3. d4 cxd4 4. Nxd4 Nf6 5. Nc3 a6 6. Bc4 e6 7. Bb3 Be7 8. Be3 0-0 9. Qe2 Nbd7 10. 0-0-0 Nc5 11. f3 Qc7 12. g4 b5 13. g5 Nfd7 14. g6 Nxb3+ 15. axb3 hxg6 16. h4 Nf6 17. h5 b4 18. h6 bxc3 19. hxg7 cxb2+ 20. Kxb2 Rd8 21. Qh2 Nh5 22. Rdg1 Bf6 23. Qd2 d5 24. Rxh5 gxh5 25. Bg5 Qe5 26. Bxf6 Qxf6 27. e5 Qxe5 28. Qh6 Qxd4+ 29. c3 Qf2+ 30. Ka3 Qc5+ 31. Kb2 Qf2+ 1/2-1/2

[Event "ITA-ch U20 26th"]
[Site "Bratto"]
[Date "2003.08.25"]
[Round "5"]
[White "Locatelli, Andrea"]
[Black "Bove, Alessandro"]
[Result "1-0"]
[WhiteElo "2011"]
[BlackElo "2129"]
[PlyCount "29"]
[EventDate "2003.08.21"]
[EventType "swiss"]
[EventRounds "9"]
[EventCountry "ITA"]
[SourceTitle "EXT 2007"]
[Source "ChessBase"]
[SourceDate "2006.11.23"]
[SourceVersion "1"]
[SourceVersionDate "2006.11.23"]
[SourceQuality "1"]

1. e4 e5 2. Nf3 f5 3. Nxe5 Qf6 4. Nc4 fxe4 5. Nc3 Qg6 6. d3 Bb4 7. Bd2 exd3 8. Bxd3 Qe6+ 9. Ne3 b6 10. 0-0 Ba6 11. Ned5 Qd6 12. Bf4 Qf8 13. Nxc7+ Kd8 14. Bxa6 Qxf4 15. Ne6+ 1-0